| 000 | 00756nam a2200217 a 4500 | ||
|---|---|---|---|
| 005 | 20240924064308.0 | ||
| 008 | 010709s1998 mx r 000 0 spa d | ||
| 020 | _a9586008916 | ||
| 035 | _aUPN01000109420 | ||
| 049 | _aCG | ||
| 050 | 4 |
_aLB1570 _bP6.28 1998 |
|
| 100 | 1 | _aPosner, George J. | |
| 245 | 1 | 0 |
_aAnálisis del currículo / _cGeorge J. Posner ; tr. Gladys Arango Medina. |
| 250 | _a2a ed. | ||
| 260 |
_aSanta Fé de Bogotá : _bMcGraw-Hill Interamericana, _cc1998. |
||
| 300 |
_axxxiii, 347 p. : _btablas, figuras |
||
| 534 |
_pTraducción de : _tAnalysing the curriculum. _bTraducción de la segunda edición en inglés, _cc1995. |
||
| 650 | 4 |
_aEducación _vPlanes y programas _96413 |
|
| 700 | 1 |
_aArango Medina, Gladys, _etr. |
|
| 905 | _aLibro | ||
| 999 |
_c83331 _d83331 |
||